000
00187nam a2200073Ia 4500
008
170817s9999 xx 000 0 und d
100
_a
EDIGE MARLOW
245
0
_a
RELEVANCY IN ELEMENTRY CURICULLUM
260
_b
D.P.H . PUB.
999
_c
36701
_d
36701